| 000 | 00374 a2200169 4500 | ||
|---|---|---|---|
| 001 | 189826 | ||
| 020 | _a978-85-60276-14-1 | ||
| 040 | _cMagnum | ||
| 100 | _aMesquita, RĂºbia | ||
| 240 | 1 | 0 |
_a1, 2, 3 Contos de uma vez _lpor |
| 245 | 1 | 0 | _a1, 2, 3 Contos de uma vez |
| 300 | _a31 | ||
| 362 | 0 | _a2009 | |
| 440 | 1 | _aUni Duni | |
| 697 | _aLITERATURA INFANTO | ||
| 942 | _cBK | ||
| 999 |
_c189826 _d189826 |
||